000 00814nam a2200241 a 4500
001 66273
003 BD-RjUL
005 20211209081522.0
008 170315s19691968ilua b 001 0 eng
035 _a(BD-RjUL)66403
040 _aDLC
_cDLC
_dDLC
_dBD-RjUL
_beng
041 _aeng
082 0 0 _223
_a620.0011
_bMOD 1969
245 1 0 _aModern systems research for the behavioral scientist :
_ba sourcebook /
_cEdited by Walter Buckley ; Foreword by Anatol Rapoport.
260 _aChicago :
_bAldine Pub. Co.,
_cc1968 [printing 1969].
300 _axxv, 525 p. ;
_bill. ;
_c26 cm.
500 _aIncludes index.
650 0 _aSystem analysis.
_9196150
650 0 _aSocial sciences.
_9171029
650 0 _aInformation theory in psychology.
_9196151
700 _aBuckley, Walter Frederick,
_9202242
942 _2ddc
_cBK
999 _c66273
_d66273